| 000 | 00867nam a2200277 a 4500 | ||
|---|---|---|---|
| 001 | 35061 | ||
| 003 | BD-RjUL | ||
| 005 | 20211209052243.0 | ||
| 008 | 140520s1986 bg b 001 0 eng | ||
| 035 | _a(BD-RjUL)35155 | ||
| 040 |
_aDLC _cDLC _dBD-RjUL _beng |
||
| 041 | _aeng | ||
| 082 |
_221 _a362.5095492 _bMAB 1986 |
||
| 100 | 1 |
_aMaloney, Clarence. _953812 |
|
| 245 | 1 | 0 |
_aBehavior and poverty in Bangladesh / _cClarence Maloney. |
| 260 |
_aDhaka ; Bangladesh : _bUniversity Press, _cc1986. |
||
| 300 |
_aviii, 87 p. ; _c22 cm. |
||
| 504 | _aIncludes Bibliography and index. | ||
| 650 | 0 |
_aPoor _zBangladesh. _9106755 |
|
| 650 | 0 |
_aWork ethic _zBangladesh. _9106756 |
|
| 650 | 0 |
_aNational characteristics, Bangladeshi. _9106757 |
|
| 740 | 0 | _aBehaviour and poverty in Bangladesh. | |
| 942 |
_2ddc _cBK |
||
| 999 |
_c35061 _d35061 |
||